| 000 | 00343nam a22001337a 4500 | ||
|---|---|---|---|
| 020 | _a9781461487074 | ||
| 082 |
_a001.42 _bSAB/ST |
||
| 100 |
_aSabo,Roy,T _9530 |
||
| 100 |
_aBoone,Edward, L _9531 |
||
| 245 | _aStatistical Research Methods - A Guide for Non -Statisticians | ||
| 260 |
_aNew York _bSpringer _c2013 |
||
| 300 | _a214 | ||
| 942 | _cBK | ||
| 999 |
_c14353 _d14353 |
||